| 000 | 01488nam0a22003011 4500 | ||
|---|---|---|---|
| 001 | rc\29776 | ||
| 005 | 20200130105042.0 | ||
| 035 | _a(NLR Aleph) 005315483 | ||
| 090 |
_a6431365 _c6431365 |
||
| 100 | _a20021216d1991 u |0rusy50 ca | ||
| 101 | 0 | _arus | |
| 102 | _aRU | ||
| 105 | _aa ||||||||| | ||
| 200 | 1 |
_aФотосинтез и баланс углерода у гидрофильных арктических растений _eДокл. на заседании президиума Коми науч. центра УрО АН СССР 21 июня 1991 г. _fС.К. Назаров, М.Д. Сивков, Е.В. Некучаева |
|
| 210 |
_aСыктывкар _cКоми науч. центр УрО АН СССР _d1991 |
||
| 215 |
_a20, [2] с. _cил. _d20 |
||
| 225 | 1 |
_aСерия препринтов "Научные доклады" _fАН СССР. Урал. отд-ние. Коми науч. центр _vВып. 261 |
|
| 300 | _aНа обл. загл. сер.: Науч. доклады | ||
| 320 | _aБиблиогр.: с. 20-21 (21 назв.) | ||
| 700 | 1 |
_aНазаров _bС. К. _cканд. биол. наук _gСергей Константинович _3RU\NLR\AUTH\770215359 |
|
| 701 | 1 |
_aСивков _bМ. Д. _gМихаил Дмитриевич |
|
| 701 | 1 |
_aНекучаева _bЕ. В. _gЕлена Владиславовна |
|
| 801 | 0 |
_aRU _bNLR _gpsbo |
|
| 801 | 1 |
_aRU _bELAR _2rusmarc |
|
| 852 |
_aNLR _j92-6/56 |
||
| 942 | _cBOOK | ||
| 980 | _aNB | ||